LEADER 03224 am 2200757 n 450 001 9910548299003321 005 20200214 010 $a2-35768-145-4 024 7 $a10.4000/books.eua.2988 035 $a(CKB)4100000012657830 035 $a(FrMaCLE)OB-eua-2988 035 $a(oapen)https://directory.doabooks.org/handle/20.500.12854/85369 035 $a(PPN)260808202 035 $a(EXLCZ)994100000012657830 100 $a20220228j|||||||| ||| 0 101 0 $afre 135 $auu||||||m|||| 181 $ctxt$2rdacontent 182 $cc$2rdamedia 183 $acr$2rdacarrier 200 13$aUn trésor à l'Université d'Avignon $eLa pharmacie de l'Hôpital Sainte-Marthe /$fFrançoise Moreil, Catherine Vieillescazes 210 $aAvignon $cÉditions Universitaires d?Avignon$d2020 215 $a1 online resource (180 p.) 225 1 $aEn-Jeux 311 $a2-35768-058-X 330 $aPour célébrer l'installation de l'Université d'Avignon dans les superbes bâtiments de l?Hôpital Sainte-Marthe, une équipe de chercheurs nous invite à découvrir un site patrimonial d?exception : l'ancienne pharmacie de l'Hôpital. Des recherches historiques aux analyses chimiques, l?ouvrage nous entraîne au c?ur de l'Avignon d?autrefois. Pots et récipients, herbes médicinales et sirops de l?apothicairerie se transforment en autant de pages de la vie municipale et de l?histoire de la médecine des siècles passés. Accompagné par un cahier de photographies de Thomas Bohl, ce livre nous compte la riche histoire d?un bâtiment aujourd?hui abrité dans les locaux de l?université : quelle meilleure façon de marquer les vingt ans de l?un de ses campus ? 606 $aArts & Humanities 606 $ahistoire de la pharmacie 606 $ahistoire de la médecine 606 $aapothicairerie 606 $aAvignon Université 606 $aHôpital Sainte-Marthe (Avignon) 606 $ahistory of medicine 606 $ahistory of pharmacy 606 $aapothecary 606 $aAvignon University 610 $ahistory of medicine 610 $ahistory of pharmacy 610 $aapothecary 610 $aAvignon University 615 4$aArts & Humanities 615 4$ahistoire de la pharmacie 615 4$ahistoire de la médecine 615 4$aapothicairerie 615 4$aAvignon Université 615 4$aHôpital Sainte-Marthe (Avignon) 615 4$ahistory of medicine 615 4$ahistory of pharmacy 615 4$aapothecary 615 4$aAvignon University 700 $aBertozzi$b Jean-Charles$01321064 701 $aBohl$b Thomas$01321065 701 $aEllerkamp$b Philippe$01321066 701 $aJoliot$b Céline$01321067 701 $aLéonelli$b Marie-Claude$01321068 701 $aMathe$b Carole$01321069 701 $aMoreil$b Françoise$01113481 701 $aNicoud$b Marilyn$0619606 701 $aVieillescazes$b Catherine$01321070 701 $aMoreil$b Françoise$01113481 701 $aVieillescazes$b Catherine$01321070 801 0$bFR-FrMaCLE 906 $aBOOK 912 $a9910548299003321 996 $aUn trésor à l'Université d'Avignon$93034503 997 $aUNINA